| 000 | 00924cam a2200349 i 4500 | ||
|---|---|---|---|
| 001 | 0000836 | ||
| 003 | DO-SdBNP | ||
| 005 | 20161129150323.0 | ||
| 007 | 0000836 | ||
| 008 | 100514s 1997 sp a | |||| 000 f spa | ||
| 015 | _a | ||
| 017 |
_a _b |
||
| 020 | _a8434808986 | ||
| 035 | _a | ||
| 040 |
_aBPMSU _bspa _cBPMSU _e |
||
| 080 | _a | ||
| 100 | 1 |
_aVásquez Vigo, Carmen _d1923- |
|
| 245 | 1 | 0 |
_aCaramelos de menta / _h _cCarmen Vásquez Vigo ; ilustraciones Antonio Tello |
| 250 | _a24a. ed. | ||
| 260 |
_aMadrid : _bSm, _c1997. |
||
| 300 |
_a120 p.: _bil. _c19 cm. |
||
| 490 | 1 |
_aEl barco de vapor _v2 |
|
| 490 | 1 | _aAzul | |
| 521 | _aA partir de 7 años. | ||
| 586 | _aPremio Doncel de novela juvenil, 1971-1972 | ||
| 586 | _aPremio Lazarillo, 1973 | ||
| 700 | 1 |
_aTello, Antonio _eil. |
|
| 830 | 0 |
_aEl barco de vapor _n2 |
|
| 830 | 0 | _aAzul | |
| 942 |
_2ddc _cBK |
||
| 956 |
_aYLOCKWARD _810 _cBPMSU |
||
| 999 |
_c12169 _d12169 |
||